000 00661nam a2200205 u 4500
005 20220526063411.0
008 080520s1998 r 000 0 eng d
020 _a8495150115
035 _aUPN01000156047
049 _aI
050 4 _aPZ21
_bT4.6
100 1 _aTeulade, Pascal,
_d1960-
_941310
245 1 0 _aPorque te quiero-- /
_cPascal Teulade ; il. de Jean-Charles Sarrazin ; tr. Anna Coll-Vinent.
260 _aBarcelona, Esp. :
_bCorimbo,
_cc1998.
300 _a24 p. :
_bil. col.
534 _pTitulo original:
_tParce que je t'aime...
650 0 _aCuentos infantiles franceses
_98588
700 1 _aSarrazin, Jean-Charles,
_eil.
905 _aInfantil
999 _c128161
_d128161